<?xml version="1.0" encoding="UTF-8"?>
<marc:record xmlns:marc="http://www.loc.gov/MARC21/slim">
   <marc:leader>00000nam a2200000 a 4500</marc:leader>
   <marc:datafield ind1="1" ind2=" " tag="100">
      <marc:subfield code="a">Dietl, Erhard</marc:subfield>
      <marc:subfield code="4">aut</marc:subfield>
      <marc:subfield code="e">Verfasser/-in</marc:subfield>
   </marc:datafield>
   <marc:datafield ind1=" " ind2=" " tag="653">
      <marc:subfield code="a">Wörterbuch</marc:subfield>
   </marc:datafield>
   <marc:datafield ind1="0" ind2="0" tag="245">
      <marc:subfield code="a">Mein ABC-Wörterbuch für die Vorschule</marc:subfield>
   </marc:datafield>
   <marc:datafield ind1=" " ind2="1" tag="264">
      <marc:subfield code="b">Loewe</marc:subfield>
      <marc:subfield code="c">2004</marc:subfield>
   </marc:datafield>
   <marc:datafield ind1="1" ind2=" " tag="520">
      <marc:subfield code="a">Ein fröhliches und bunt gestaltetes "ABC-Wörter- und Lesebuch". (JV) Jedem Buchstaben ist eine Doppelseite gewidmet, wobei eine Seite durch eine Illustration, die dem Inhalt der jeweiligen "Buchstaben-Geschichte" entspricht, gestaltet ist. Neben dem Text sind noch einige Gegenstände abgebildet, deren Bezeichnung mit dem entsprechenden Buchstaben beginnt. Nach der kurzen Geschichte folgt stets ein damit im Zusammenhang stehendes kleines Rätsel. Ein "Wörterbuch", das sich nicht nur die Vorschulkinder, sondern auch die Kinder der ersten Volksschulklassen gerne ansehen werden. *bn* Christa Wochner</marc:subfield>
   </marc:datafield>
   <marc:datafield ind1="3" ind2=" " tag="024">
      <marc:subfield code="a">3785551495</marc:subfield>
   </marc:datafield>
</marc:record>
